|
|
|
|
| LEADER |
00000nss a2200000 a 4500 |
| 001 |
11112 |
| 005 |
20230308222733.0 |
| 008 |
000000| ||||||||r|||||||||||spa|| |
| 040 |
|
|
|b spa
|
| 041 |
1 |
|
|a spa
|
| 082 |
0 |
|
|a 050
|b S636v
|
| 110 |
1 |
|
|a Servicio de Información de la Legislación de España
|9 183454
|
| 245 |
|
|
|a Suplemento de la Revista Vida Española del Servicio de Información de la Legación de España
|c Servicio de Información de la Legislación de España
|h imp
|
| 264 |
|
|
|a Quito
|b Edit. Fr. Jodoco Ricke
|c Enero-Febrero de 1948
|
| 300 |
|
|
|a 28 páginas:
|c 33 cm
|
| 362 |
|
|
|a suplemento no. 10 (enero-febrero de 1948)
|
| 650 |
|
|
|a Revista suplemento de vida española
|9 307624
|
| 852 |
|
|
|a UC-CDJBV
|c ESTANTERIA CERRADA
|f Donación
|k margarita.gutierrez
|l 1
|m General
|p 00000000
|r 2
|t 11112
|b 0
|d CDRC
|e CDRC
|g 050 S636v ESTANTERIA CERRADA
|z 0000-00-00
|
| 942 |
|
|
|c SER
|
| 999 |
|
|
|c 141716
|d 141716
|